000
00352nam a2200157Ia 4500
003
0STCL
008
150530s9999 xx 000 0 und d
040
_a
STCL
_c
STCL
100
_a
John Speirs
245
_a
Chaucer the maker
260
_b
Faber and Faber
_c
1929
546
_a
English
942
_2
ddc
_c
BK
999
_c
52283
_d
52283
005
20220125170856.0